<?xml version="1.0" encoding="UTF-8"?>
<record
    xmlns:xsi="http://www.w3.org/2001/XMLSchema-instance"
    xsi:schemaLocation="http://www.loc.gov/MARC21/slim http://www.loc.gov/standards/marcxml/schema/MARC21slim.xsd"
    xmlns="http://www.loc.gov/MARC21/slim">

  <leader>00686nam a2200205Ia 4500</leader>
  <controlfield tag="001">17776</controlfield>
  <controlfield tag="003">GE_BSU</controlfield>
  <controlfield tag="008">181216s||||||||xx |||||||||||||| ||und||</controlfield>
  <datafield tag="040" ind1=" " ind2=" ">
    <subfield code="c">GE_BSU</subfield>
  </datafield>
  <datafield tag="080" ind1=" " ind2=" ">
    <subfield code="a">621.002</subfield>
  </datafield>
  <datafield tag="100" ind1=" " ind2=" ">
    <subfield code="a">&#x421;&#x430;&#x43C;&#x43E;&#x438;&#x43B;&#x43E;&#x432;,&#x421;.&#x418;. &#x413;&#x43E;&#x440;&#x435;&#x43B;&#x43E;&#x432;,&#x412;.&#x41C;. &#x411;&#x440;&#x430;&#x441;&#x43B;&#x430;&#x432;&#x441;&#x43A;&#x438;&#x439; &#x438; &#x434;&#x440;.</subfield>
  </datafield>
  <datafield tag="245" ind1=" " ind2=" ">
    <subfield code="a">&#x422;&#x435;&#x445;&#x43D;&#x43E;&#x43B;&#x43E;&#x433;&#x438;&#x44F; &#x442;&#x44F;&#x436;&#x435;&#x43B;&#x43E;&#x433;&#x43E; &#x43C;&#x430;&#x448;&#x438;&#x43D;&#x43E;&#x441;&#x442;&#x440;&#x43E;&#x435;&#x43D;&#x438;&#x44F;.</subfield>
  </datafield>
  <datafield tag="245" ind1=" " ind2=" ">
    <subfield code="c">&#x41F;&#x43E;&#x434; &#x440;&#x435;&#x434;. &#x421;.&#x418;.&#x421;&#x430;&#x43C;&#x43E;&#x438;&#x43B;&#x43E;&#x432;&#x430;.</subfield>
  </datafield>
  <datafield tag="260" ind1=" " ind2=" ">
    <subfield code="a">&#x41C;.</subfield>
  </datafield>
  <datafield tag="260" ind1=" " ind2=" ">
    <subfield code="b">&#x41C;&#x430;&#x448;&#x433;&#x438;&#x437;.</subfield>
  </datafield>
  <datafield tag="260" ind1=" " ind2=" ">
    <subfield code="c">1962.</subfield>
  </datafield>
  <datafield tag="300" ind1=" " ind2=" ">
    <subfield code="a">590 &#x441;&#x442;&#x440;. &#x441; &#x438;&#x43B;&#x43B;. 22 &#x441;&#x43C;. &#x411;&#x438;&#x431;&#x43B;&#x438;&#x43E;&#x433;&#x440;.: &#x441;&#x442;&#x440;. 581-586.</subfield>
  </datafield>
  <datafield tag="653" ind1=" " ind2=" ">
    <subfield code="a">&#x422;&#x435;&#x445;&#x43D;&#x43E;&#x43B;&#x43E;&#x433;&#x438;&#x44F; &#x442;&#x44F;&#x436;&#x435;&#x43B;&#x43E;&#x433;&#x43E; &#x43C;&#x430;&#x448;&#x438;&#x43D;&#x43E;&#x441;&#x442;&#x440;&#x43E;&#x435;&#x43D;&#x438;&#x44F;.</subfield>
  </datafield>
  <datafield tag="942" ind1=" " ind2=" ">
    <subfield code="c">BK</subfield>
  </datafield>
  <datafield tag="999" ind1=" " ind2=" ">
    <subfield code="c">50823</subfield>
    <subfield code="d">50823</subfield>
  </datafield>
  <datafield tag="952" ind1=" " ind2=" ">
    <subfield code="0">0</subfield>
    <subfield code="1">0</subfield>
    <subfield code="4">0</subfield>
    <subfield code="7">0</subfield>
    <subfield code="9">69548</subfield>
    <subfield code="d">2018-12-17</subfield>
    <subfield code="p">11079</subfield>
    <subfield code="r">2018-12-17</subfield>
    <subfield code="w">2018-12-17</subfield>
    <subfield code="y">BK</subfield>
  </datafield>
</record>
